| 000 | 00644nam a22002057a 4500 | ||
|---|---|---|---|
| 003 | OSt | ||
| 005 | 20220929223621.0 | ||
| 008 | 220929b |||||||| |||| 00| 0 eng d | ||
| 020 | _a3-908247-27-6 | ||
| 040 | _cBiblioteca Lado V | ||
| 082 |
_a750.1 _bF533i |
||
| 100 |
_935 _aFischer, Peter |
||
| 245 | _aIn The Power of Painting/ | ||
| 260 |
_aBerlin _aNew York _bDie Daros Collection _c2000 |
||
| 300 |
_a142p. _c23x28cm |
||
| 650 |
_2Tesauro de Arte & Arquitectura _aPINTURA |
||
| 650 |
_2Tesauro de Arte & Arquitectura _aTEORIA |
||
| 650 |
_2Tesauro de Arte & Arquitectura _aARTE |
||
| 942 |
_2ddc _c1 _h750.1 _iF533i _n0 |
||
| 999 |
_c2145 _d2145 |
||